[Event "AUTO-MASTER-3272"]
[Site "http://www.queenalice.com/game.php?id=1860092"]
[Date "2025.7.18"]
[Round "1"]
[White "pizzaiolo72"]
[Black "IranSilva"]
[Result "0-1"]
[WhiteElo "2027"]
[BlackElo "2207"]

1. e4 e5 2. Nf3 Nc6 3. Bb5 a6 4. Ba4 b5 5. Bb3 Bc5 6. O-O Nf6 7. d3 O-O 8. Re1
d6 9. c3 Bg4 10. Nbd2 Re8 11. h3 Be6 12. Nf1 h6 13. Bxe6 Rxe6 14. b4 Bb6 15. a4
d5 16. axb5 axb5 17. Bb2 Rxa1 18. Qxa1 dxe4 19. dxe4 Qd3 20. Re3 Bxe3 21. Nxe3
Nxe4 22. Qd1 Qxd1+ 23. Nxd1 Nd6 24. Ne3 f5 25. g3 f4 26. gxf4 exf4 27. Nd5 Nc4
28. Nxf4 Rf6 29. Bc1 g5 30. Nd5 Rxf3 31. Kg2 Rd3 32. Nxc7 Rxc3 33. Be3 Nxe3+ 34.
fxe3 Rxe3 0-1

[Event "AUTO-MASTER-3272"]
[Site "http://www.queenalice.com/game.php?id=1860103"]
[Date "2025.7.18"]
[Round "1"]
[White "Tig"]
[Black "pizzaiolo72"]
[Result "1-0"]
[WhiteElo "1972"]
[BlackElo "2049"]

1. d4 Nf6 2. Nd2 d5 3. e3 c5 4. Bd3 e6 5. c4 dxc4 6. Nxc4 cxd4 7. Nf3 Bb4+ 8.
Bd2 Nc6 9. Bxb4 Nxb4 10. Qa4+ Nc6 11. e4 O-O 12. e5 Nd5 13. O-O a6 14. Nd6 b5
15. Bxb5 Na7 16. Bd3 Bd7 17. Qc2 h6 18. Bxa6 Nb4 19. Qc4 Nxa6 20. Qxa6 Bb5 21.
Nxb5 Nxb5 22. Qxb5 Rb8 23. Qe2 Qa5 24. Nxd4 Rfc8 25. Rac1 Qxa2 26. Nc6 Rxb2 27.
Ne7+ Kf8 28. Ng6+ fxg6 29. Qf3+ Ke7 30. Ra1 Qd5 31. Ra7+ Rb7 32. Qxd5 exd5 33.
Rxb7+ Ke6 34. Re1 1-0

[Event "AUTO-MASTER-3272"]
[Site "http://www.queenalice.com/game.php?id=1860104"]
[Date "2025.7.18"]
[Round "1"]
[White "pizzaiolo72"]
[Black "Tig"]
[Result "1-0"]
[WhiteElo "2023"]
[BlackElo "1998"]

1. e4 d5 2. e5 d4 3. Nf3 Nc6 4. Bb5 Bd7 5. c3 a6 6. Ba4 d3 7. O-O b5 8. Bb3 Bg4
9. h3 Bxf3 10. Bxf7+ Kxf7 11. Qxf3+ Nf6 12. Qxc6 Nd5 13. e6+ Kg8 14. a4 b4 15.
cxb4 Rb8 16. Qxa6 Nxb4 17. Qc4 g6 18. Qf4 Qe8 19. Qxc7 Bg7 20. Nc3 Rc8 21. Qf4
Nc2 22. Rb1 Bf6 23. Qe4 Nd4 24. b4 Rc6 25. Qxd3 Rxe6 26. Bb2 Kf7 27. Nd5 Nf5 28.
Nc7 Rd6 29. Qb3+ 1-0

[Event "AUTO-MASTER-3272"]
[Site "http://www.queenalice.com/game.php?id=1860109"]
[Date "2025.7.18"]
[Round "1"]
[White "CCapivara"]
[Black "pizzaiolo72"]
[Result "1-0"]
[WhiteElo "2316"]
[BlackElo "2049"]

1. e4 c5 2. Nf3 d6 3. d4 cxd4 4. Nxd4 Nf6 5. Nc3 a6 6. Bg5 h6 7. Bxf6 gxf6 8.
Nb3 Nc6 9. Be2 f5 10. exf5 Bxf5 11. O-O Bg7 12. Bg4 Qd7 13. Bxf5 Qxf5 14. Nd5
O-O 15. Na5 Rfe8 16. Nxc6 bxc6 17. Nc7 Bxb2 18. Rb1 Be5 19. Nxe8 Rxe8 20. h3 Qf4
21. g3 Qg5 22. Kh2 Kh7 23. f4 Bxf4 24. Rxf4 f6 25. Qd3+ Kg7 26. Rg4 1-0

[Event "AUTO-MASTER-3272"]
[Site "http://www.queenalice.com/game.php?id=1860110"]
[Date "2025.7.18"]
[Round "1"]
[White "pizzaiolo72"]
[Black "CCapivara"]
[Result "0-1"]
[WhiteElo "2030"]
[BlackElo "2320"]

1. e4 d6 2. d4 Nf6 3. Nc3 c6 4. Nf3 Bg4 5. Be2 Nbd7 6. O-O e5 7. Be3 Be7 8. h3
Bh5 9. dxe5 dxe5 10. Nh2 Bg6 11. f3 O-O 12. a3 Qc7 13. Ng4 Bc5 14. Nxf6+ gxf6
15. Bxc5 Nxc5 16. b4 Ne6 17. Bc4 Rad8 18. Qe2 Nd4 19. Qf2 b5 20. Bd3 Kh8 21. Ne2
Rg8 22. Nxd4 Rxd4 23. a4 a6 24. Qh4 Qd6 25. axb5 axb5 26. Rfb1 Rd8 27. Qh6 Rxb4
28. Rxb4 Qxb4 29. Ra7 Qd4+ 0-1

[Event "AUTO-OPEN-4567"]
[Site "http://www.queenalice.com/game.php?id=1860162"]
[Date "2025.7.19"]
[Round "2"]
[White "josebaron"]
[Black "pizzaiolo72"]
[Result "1/2-1/2"]
[WhiteElo "2217"]
[BlackElo "2052"]

1. e4 Nf6 2. Nc3 e5 3. Nf3 Nc6 4. Bb5 d6 5. O-O a6 6. Bxc6+ bxc6 7. d4 exd4 8.
Nxd4 Bb7 9. Re1 Be7 10. a4 c5 11. Nf3 O-O 12. e5 dxe5 13. Qxd8 Raxd8 14. Nxe5
Bd6 15. Nc4 Rfe8 16. Bg5 Rxe1+ 17. Rxe1 Re8 18. Rxe8+ Nxe8 19. Nxd6 cxd6 20. Be7
f6 21. f3 Kf7 22. Bd8 Ke6 23. Ne2 Kd7 24. Ba5 d5 25. Nf4 g6 26. b3 Nd6 27. Nd3
Kc6 28. Bd8 c4 1/2-1/2

[Event "AUTO-OPEN-4567"]
[Site "http://www.queenalice.com/game.php?id=1860163"]
[Date "2025.7.19"]
[Round "2"]
[White "pizzaiolo72"]
[Black "josebaron"]
[Result "0-1"]
[WhiteElo "2059"]
[BlackElo "2212"]

1. e4 e5 2. Nf3 Nc6 3. Bb5 d6 4. O-O Nf6 5. d3 Be7 6. h3 O-O 7. Nc3 a6 8. Ba4 b5
9. Bb3 Be6 10. Bg5 h6 11. Bh4 Qd7 12. Bxe6 fxe6 13. Re1 g5 14. Bg3 Rf7 15. d4
exd4 16. Nxd4 Nxd4 17. Qxd4 e5 18. Qe3 c5 19. Nd5 Nxd5 20. exd5 c4 21. b3 Rc8
22. Qb6 h5 23. Qxa6 cxb3 24. cxb3 h4 25. Bh2 g4 26. Re3 gxh3 27. Rxh3 Rg7 28. a4
Qxh3 0-1

[Event "AUTO-OPEN-4567"]
[Site "http://www.queenalice.com/game.php?id=1860166"]
[Date "2025.7.19"]
[Round "2"]
[White "alvm"]
[Black "pizzaiolo72"]
[Result "1-0"]
[WhiteElo "2215"]
[BlackElo "2021"]

1. d4 Nf6 2. c4 g6 3. Nc3 Bg7 4. e4 d6 5. Bd3 O-O 6. Nge2 e5 7. O-O exd4 8. Nxd4
c5 9. Nf3 Bg4 10. h3 Be6 11. Nd5 Nbd7 12. Bg5 Bxd5 13. exd5 Re8 14. Rc1 Ne5 15.
Re1 h6 16. Bh4 Qd7 17. Nxe5 Rxe5 18. Qf3 Rxe1+ 19. Rxe1 Ne8 20. b3 Be5 21. Qe4
f5 22. Qe3 Kg7 23. Bg3 Bxg3 24. Qxg3 Nf6 25. Re6 Re8 26. Rxd6 Qc7 27. Bxf5 Re1+
28. Kh2 g5 29. Rd7+ Qxd7 30. Bxd7 Nxd7 31. Qc3+ Re5 32. g3 Kg6 33. Qd3+ Kf6 34.
f4 gxf4 35. gxf4 Rf5 36. Qe3 Kg6 37. Qe8+ Kf6 38. Qe6+ 1-0

[Event "AUTO-OPEN-4567"]
[Site "http://www.queenalice.com/game.php?id=1860167"]
[Date "2025.7.19"]
[Round "2"]
[White "pizzaiolo72"]
[Black "alvm"]
[Result "1/2-1/2"]
[WhiteElo "2015"]
[BlackElo "2208"]

1. e4 c6 2. d4 d5 3. Nc3 dxe4 4. Nxe4 Bf5 5. Ng3 Bg6 6. Nf3 Nd7 7. c4 Ngf6 8.
Bd3 Bxd3 9. Qxd3 e6 10. O-O Be7 11. Re1 O-O 12. Ng5 c5 13. Be3 Re8 14. Rad1 h6
15. N5e4 Nxe4 16. Qxe4 Qc7 17. b3 cxd4 18. Rxd4 Nf6 19. Qc2 Bc5 20. Rd3 Bxe3 21.
Rexe3 Rad8 22. h3 Rxd3 23. Rxd3 Rd8 24. Qd2 Rxd3 25. Qxd3 Kf8 26. f4 Qxf4 27.
Ne2 Qe4 28. Qxe4 Nxe4 29. Nd4 Nc3 30. a4 Ke7 31. Kf2 Ne4+ 32. Ke3 Nc5 33. g4 f6
34. a5 g6 35. b4 Nd7 36. c5 a6 37. c6 bxc6 38. Nxc6+ Kd6 39. Nd8 Ne5 40. Nb7+
Kd5 41. Nc5 Nc4+ 42. Ke2 Nxa5 43. Nxa6 Nc6 44. Nc7+ Kd6 45. Na6 f5 46. Ke3 fxg4
47. hxg4 Ne5 48. Kf4 h5 49. gxh5 gxh5 50. Kg5 Kc6 51. b5+ Kb6 52. Kxh5 Nc4 53.
Kg5 Kxb5 54. Nc7+ Kc6 55. Nxe6 1/2-1/2

[Event "Challenge"]
[Site "http://www.queenalice.com/game.php?id=1860311"]
[Date "2025.7.20"]
[Round "-"]
[White "jogo"]
[Black "pizzaiolo72"]
[Result "0-1"]
[WhiteElo "1797"]
[BlackElo "2018"]

1. e4 Nf6 2. e5 Nd5 3. d4 d6 4. c4 Nb6 5. f4 dxe5 6. fxe5 e6 7. Be3 Qh4+ 8. g3
Qe4 9. Qf3 Qc2 10. Qe2 Bb4+ 11. Kf2 Qf5+ 12. Qf3 Qc2+ 13. Qe2 Qxe2+ 0-1

[Event "AUTO-OPEN-4616"]
[Site "http://www.queenalice.com/game.php?id=1863456"]
[Date "2025.9.27"]
[Round "1"]
[White "game"]
[Black "pizzaiolo72"]
[Result "0-1"]
[WhiteElo "1614"]
[BlackElo "2010"]

1. e4 Nf6 2. Nc3 e5 3. Nf3 Nc6 4. Bc4 Nxe4 5. Nxe4 d5 6. Nfg5 dxc4 7. Qf3 Be6 8.
c3 Be7 9. h4 Qd7 10. Nc5 Bxc5 11. d3 Bg4 12. Qe4 Qxd3 13. Qxd3 cxd3 14. O-O
O-O-O 15. Nxf7 d2 16. Bxd2 Rxd2 17. Nxh8 Rxb2 18. Kh2 Bxf2 19. Nf7 Bxh4 20. a4
Be6 21. Rad1 Bf6 22. Nh8 e4 23. Rde1 Be5+ 24. Kg1 Bxc3 25. Rd1 Nd4 26. Rf8+ Kd7
27. Rdf1 Ne2+ 28. Kh2 Be5+ 29. Kh1 Ng3+ 30. Kg1 Bd4+ 31. Kh2 Nxf1+ 32. Kh1 Rb1
33. g3 Nxg3+ 34. Kh2 Be5 35. Ra8 Rb2+ 36. Kg1 Bd5 37. Rxa7 Bd4# 0-1

[Event "AUTO-OPEN-4616"]
[Site "http://www.queenalice.com/game.php?id=1863457"]
[Date "2025.9.27"]
[Round "1"]
[White "pizzaiolo72"]
[Black "game"]
[Result "1-0"]
[WhiteElo "2013"]
[BlackElo "1706"]

1. e4 e5 2. Nf3 Nc6 3. Bb5 Bc5 4. O-O d6 5. c3 Nf6 6. d4 exd4 7. cxd4 a6 8.
Bxc6+ bxc6 9. dxc5 Nxe4 10. Qa4 Nxc5 11. Re1+ Be6 12. Qxc6+ Ke7 13. Nc3 Re8 14.
Nd5+ Kf8 15. Nxc7 Qc8 16. Qxd6+ Re7 17. Nxa8 Nd7 18. Nc7 f6 19. Rxe6 Qd8 20. Nd5
Qe8 21. Rxe7 Qd8 22. Rxd7+ 1-0

[Event "AUTO-OPEN-4616"]
[Site "http://www.queenalice.com/game.php?id=1863480"]
[Date "2025.9.27"]
[Round "1"]
[White "askasl159"]
[Black "pizzaiolo72"]
[Result "0-1"]
[WhiteElo "1751"]
[BlackElo "2012"]

1. e4 Nf6 2. e5 Nd5 3. Nf3 d6 4. d4 g6 5. exd6 Qxd6 6. Bc4 Bg7 7. O-O O-O 8. h3
Nb6 9. Bb3 Nc6 10. d5 Na5 11. a3 Nxb3 12. cxb3 Qxd5 13. Nc3 Qxd1 14. Rxd1 Be6
15. b4 Rfd8 16. Bf4 c6 17. Bc7 Rd7 18. Rxd7 Nxd7 19. Rd1 Rc8 20. Bg3 c5 21. bxc5
Nxc5 22. Be5 Bb3 23. Rd4 f6 24. Bf4 e5 25. Nxe5 fxe5 26. Bxe5 Bxe5 27. Rb4 b6
28. g4 Be6 29. Ne4 Nxe4 30. Rxe4 Rc1+ 31. Kg2 Bd5 0-1

[Event "AUTO-OPEN-4616"]
[Site "http://www.queenalice.com/game.php?id=1863481"]
[Date "2025.9.27"]
[Round "1"]
[White "pizzaiolo72"]
[Black "askasl159"]
[Result "1-0"]
[WhiteElo "2018"]
[BlackElo "1716"]

1. e4 e5 2. Nf3 Nc6 3. Bb5 Nge7 4. c3 g6 5. d4 exd4 6. cxd4 Bg7 7. O-O O-O 8.
Nc3 a6 9. Ba4 b5 10. Bb3 Bb7 11. Re1 Na5 12. Bc2 d5 13. e5 f6 14. Bf4 fxe5 15.
Bxe5 Nc4 16. Bxg7 Kxg7 17. b3 Na3 18. Bd3 b4 19. Na4 Bc6 20. Nc5 Rf6 21. Ng5 Qd6
22. Bxa6 Bb5 23. Bxb5 Nxb5 24. Qe2 Nc3 25. Qxe7+ Qxe7 26. Rxe7+ Kg8 27. Nxh7 Rf7
28. Rxf7 Kxf7 29. Ng5+ Kf6 30. h4 Ne2+ 31. Kf1 Nxd4 32. Rd1 Nf5 33. Rxd5 Ne7 34.
Nd7+ 1-0

[Event "AUTO-OPEN-4616"]
[Site "http://www.queenalice.com/game.php?id=1863494"]
[Date "2025.9.27"]
[Round "1"]
[White "Castling"]
[Black "pizzaiolo72"]
[Result "0-1"]
[WhiteElo "1885"]
[BlackElo "2030"]

1. e4 c5 2. Bc4 Nc6 3. a3 d6 4. Qf3 Nf6 5. h3 Nd4 6. Qd3 g6 7. Ne2 Nc6 8. Qb3 e6
9. Nbc3 Bg7 10. O-O O-O 11. d3 Na5 12. Qa2 Nxc4 13. Qxc4 Bd7 14. Bg5 b5 15. Nxb5
Bxb5 16. Qxb5 Rb8 17. Qc4 Rxb2 18. Rfb1 Qb6 19. Nc3 Rxb1+ 20. Rxb1 Qc6 21. Nb5
a6 22. Nc3 Nd7 23. Qa4 Qxa4 24. Nxa4 Rb8 25. Rxb8+ Nxb8 26. Nb6 Nc6 27. Nc4 d5
28. exd5 exd5 29. Nd2 Nd4 30. c4 dxc4 31. Nxc4 h6 32. Be7 Ne6 33. h4 Bd4 34. g3
f5 35. Kg2 Kf7 36. Bd6 g5 37. hxg5 hxg5 38. Be5 Bxe5 39. Nxe5+ Ke7 40. Nc6+ Kd6
41. Na5 Kd5 42. Nb3 c4 43. dxc4+ Kxc4 44. Nd2+ Kc3 45. Nf1 Kb3 46. Ne3 f4 47.
gxf4 Nxf4+ 48. Kg3 Kxa3 49. Kg4 Nd3 50. f3 Ne5+ 51. Kxg5 Nxf3+ 52. Kf4 Nd2 53.
Nd5 Kb2 54. Ke3 Nc4+ 55. Kd3 Kb3 56. Nc3 a5 57. Kd4 Nd2 58. Kd3 Nf3 59. Nb1 a4
60. Ke2 Kb2 61. Nd2 Nxd2 62. Kxd2 a3 0-1

[Event "AUTO-OPEN-4616"]
[Site "http://www.queenalice.com/game.php?id=1863495"]
[Date "2025.9.27"]
[Round "1"]
[White "pizzaiolo72"]
[Black "Castling"]
[Result "1-0"]
[WhiteElo "2038"]
[BlackElo "1915"]

1. e4 e5 2. Nf3 d6 3. d4 Bg4 4. Be2 h6 5. dxe5 Bxf3 6. Bxf3 dxe5 7. Qxd8+ Kxd8
8. Nc3 Bb4 9. Bd2 Nc6 10. O-O-O Nd4 11. Be3 Bc5 12. Nb5 Bd6 13. Nxd4 exd4 14.
Rxd4 Ne7 15. e5 Nf5 16. Rd3 Kd7 17. Bxb7 Rab8 18. Be4 Nxe3 19. fxe3 Rhd8 20.
exd6 cxd6 21. Rf1 f6 22. Bf5+ Kc7 23. Rc3+ Kb6 24. Rf4 a5 25. Rb3+ Ka6 26. Bd3+
Ka7 27. Rxb8 Rxb8 28. g4 Re8 29. e4 Re5 30. Rf5 Kb6 31. Rxe5 dxe5 32. Kd2 Kc5
33. Kc3 g6 34. h4 g5 35. hxg5 hxg5 36. a3 Kc6 37. Kc4 a4 38. Kb4 Kb6 39. Kxa4
Kc5 40. c3 Kc6 41. b4 Kb6 42. c4 Ka6 43. c5+ Kb7 44. Kb5 Kc7 45. a4 1-0

[Event "AUTO-MASTER-3283"]
[Site "http://www.queenalice.com/game.php?id=1863633"]
[Date "2025.9.30"]
[Round "1"]
[White "pizzaiolo72"]
[Black "IranSilva"]
[Result "0-1"]
[WhiteElo "2022"]
[BlackElo "2238"]

1. e4 e5 2. Nf3 Nc6 3. Bb5 a6 4. Ba4 b5 5. Bb3 Na5 6. O-O Nxb3 7. axb3 d6 8. h3
Bb7 9. d3 Be7 10. Re1 Nf6 11. Nbd2 c5 12. Nf1 O-O 13. Bd2 Qc7 14. Ba5 Qc6 15.
Qe2 Rfe8 16. Ne3 Bd8 17. b4 Bxa5 18. bxa5 Qc7 19. Nf5 g6 20. Nh6+ Kg7 21. Qe3
Nh5 22. Qg5 Bc8 23. Kh2 Qe7 24. Ng4 Qxg5 25. Nxg5 f5 26. exf5 gxf5 27. Ne3 h6
28. Nf3 Be6 29. g4 fxg4 30. Rg1 Kh7 31. Nxg4 Rf8 32. Ngxe5 dxe5 33. Nxe5 Rxf2+
0-1

[Event "AUTO-MASTER-3283"]
[Site "http://www.queenalice.com/game.php?id=1863634"]
[Date "2025.9.30"]
[Round "1"]
[White "IranSilva"]
[Black "pizzaiolo72"]
[Result "1-0"]
[WhiteElo "2243"]
[BlackElo "2017"]

1. Nf3 d5 2. d4 c5 3. e3 Nf6 4. c4 e6 5. Nc3 Nc6 6. Bd3 Bd7 7. O-O cxd4 8. exd4
Rc8 9. cxd5 Nxd5 10. Bd2 Be7 11. Re1 O-O 12. Nxd5 exd5 13. a3 Bf6 14. Bc3 Qb6
15. Bc2 Bg4 16. Qd3 g6 17. Ne5 Bf5 18. Qd2 Bxc2 19. Nd7 Qd8 20. Nxf6+ Qxf6 21.
Qxc2 Nxd4 22. Qd3 Rc4 23. Rad1 Rxc3 24. Qxc3 1-0

[Event "AUTO-MASTER-3283"]
[Site "http://www.queenalice.com/game.php?id=1863635"]
[Date "2025.9.30"]
[Round "1"]
[White "pizzaiolo72"]
[Black "Nolimet"]
[Result "0-1"]
[WhiteElo "2040"]
[BlackElo "1947"]

1. g4 d5 2. Bg2 Bxg4 3. c4 Nf6 4. Qb3 e6 5. Qxb7 Nbd7 6. cxd5 exd5 7. Bxd5 Nxd5
8. Qxd5 Be6 9. Qc6 Rb8 10. d4 Rb6 11. Qa4 Qb8 12. Bd2 Rxb2 13. Nc3 Bb4 14. O-O-O
Bxc3 15. Bxc3 Rb1+ 16. Kc2 Rxd1 17. Kxd1 Qb1+ 18. Kd2 Bd5 19. Qxa7 Bxh1 20. Qxc7
Be4 21. Qc8+ Ke7 22. Qxh8 Qc2+ 23. Ke3 Qxc3+ 24. Kxe4 Nf6+ 25. Ke5 Qc7+ 26. Kf5
Qd7+ 27. Ke5 Qd6+ 28. Kf5 Qe6+ 29. Kf4 Qg4+ 30. Ke3 Qxg1 31. Qc8 Qg5+ 32. Kd3
Qb5+ 33. Ke3 Qd5 34. Qb7+ Qxb7 0-1

[Event "AUTO-MASTER-3283"]
[Site "http://www.queenalice.com/game.php?id=1863636"]
[Date "2025.9.30"]
[Round "1"]
[White "Nolimet"]
[Black "pizzaiolo72"]
[Result "0-1"]
[WhiteElo "1973"]
[BlackElo "2056"]

1. e4 Nf6 2. d3 e5 3. g3 c5 4. Bg2 d6 5. Ne2 g6 6. O-O Bg7 7. f4 exf4 8. Bxf4
Nh5 9. Be3 Bxb2 10. Nbc3 Bxa1 11. Qxa1 O-O 12. Nd5 Nd7 13. g4 Ng7 14. Nf6+ Nxf6
15. Qxf6 Qxf6 16. Rxf6 Bxg4 17. Nf4 Nh5 18. Rxd6 Nxf4 19. Bxf4 Rfd8 20. e5 Rxd6
21. exd6 Rb8 22. h3 Bd7 23. Kf2 b5 24. Ke2 a5 25. Kd2 b4 26. h4 h5 27. Be3 Rb5
28. Bd5 a4 29. Bc4 Ra5 30. Kc1 Kg7 31. Kb2 a3+ 32. Kb1 Kf6 33. Bg5+ Kf5 34. Bxf7
Be6 35. Be8 Ra7 36. Bc6 Bd7 37. Be4+ Kg4 38. Bxg6 Ra6 39. Be7 Ra8 40. c3 Rg8 41.
Be4 Kf4 42. Kc2 Ba4+ 43. Kb1 Rg1# 0-1

[Event "Challenge"]
[Site "http://www.queenalice.com/game.php?id=1864029"]
[Date "2025.10.9"]
[Round "-"]
[White "jogo"]
[Black "pizzaiolo72"]
[Result "0-1"]
[WhiteElo "1844"]
[BlackElo "2040"]

1. e4 c5 2. Nf3 d6 3. d4 cxd4 4. Nxd4 a6 5. Bc4 Nf6 6. f3 e6 7. Bg5 Nc6 8. a3
Be7 9. c3 h6 10. Be3 O-O 11. Qd2 Kh7 12. g4 Ne5 13. Bb3 Qb6 14. Nxe6 Nxf3+ 15.
Kf2 Nxd2 16. Bxb6 Nxb3 17. Nxf8+ Kg8 18. Ra2 Nxg4+ 19. Ke2 Nxh2 20. Rxh2 Nc1+
21. Kd2 Nxa2 22. Rg2 Kxf8 23. Bd4 Bg5+ 24. Kc2 f5 25. b3 fxe4 26. Rf2+ Kg8 27.
Kb2 Nc1 28. Rf1 Nd3+ 29. Kc2 Bd7 30. Rh1 b5 31. Nd2 d5 32. Nf1 a5 33. Nd2 b4 34.
a4 bxc3 35. Bxc3 Rc8 36. Nb1 d4 0-1